书目信息 |
| 题名: |
小麦蚜虫及其防治
|
|
| 作者: | 陈巨莲 编著 | |
| 分册: | ||
| 出版信息: | 北京 金盾出版社 2014 |
|
| 页数: | 189页 | |
| 开本: | 21cm | |
| 丛书名: | ||
| 单 册: | ||
| 中图分类: | S435.122 , S435 | |
| 科图分类: | ||
| 主题词: | 麦类害虫--蚜科--防治 | |
| 电子资源: | ||
| ISBN: | 978-7-5082-8745-4 | |
| 000 | 00896nam0 2200241 450 | |
| 001 | 2334902471 | |
| 005 | 20231212094158.20 | |
| 010 | @a978-7-5082-8745-4@dCNY13.00 | |
| 100 | @a20140326d2014 em y0chiy50 ea | |
| 101 | 0 | @achi |
| 102 | @aCN@b110000 | |
| 105 | @aak a 000yy | |
| 200 | 1 | @a小麦蚜虫及其防治@Axiao mai ya chong ji qi fang zhi@f陈巨莲编著 |
| 210 | @a北京@c金盾出版社@d2014 | |
| 215 | @a189页@c图@d21cm | |
| 320 | @a有书目 (第180-189页) | |
| 330 | @a本书介绍了小麦蚜虫的种类、形态特征、地理分布、发生规律、生活史和行为、预测预报技术以及主要防治技术。书中搭配了各方面的照片, 辅助说明。书中内容是作者多年工作经验的积累, 内容充实、完善, 技术可操作性强, 适合广大农民和农业技术人员参考使用。 | |
| 606 | 0 | @a麦类害虫@x蚜科@x防治 |
| 690 | @aS435.122@v5 | |
| 690 | @aS435@v4 | |
| 701 | 0 | @a陈巨莲@Achen ju lian@4编著 |
| 801 | 0 | @aCN@b湖北三新@c20140326 |
| 905 | @aZUCC@dS435@e303 | |
| 小麦蚜虫及其防治/陈巨莲编著.-北京:金盾出版社,2014 |
| 189页:图;21cm |
| ISBN 978-7-5082-8745-4:CNY13.00 |
| 本书介绍了小麦蚜虫的种类、形态特征、地理分布、发生规律、生活史和行为、预测预报技术以及主要防治技术。书中搭配了各方面的照片, 辅助说明。书中内容是作者多年工作经验的积累, 内容充实、完善, 技术可操作性强, 适合广大农民和农业技术人员参考使用。 |
| ● |
| 相关链接 |
|
|
|
正题名:小麦蚜虫及其防治
索取号:S435/303
 
预约/预借
| 序号 | 登录号 | 条形码 | 馆藏地/架位号 | 状态 | 备注 |
| 1 | 2001437262 | 2001437262 | 209书库/ [索取号:S435/303] | 在馆 | |
| 2 | 2001437263 | 2001437263 | 209书库/ [索取号:S435/303] | 在馆 | |
| 3 | 2001437264 | 2001437264 | 209书库/ [索取号:S435/303] | 在馆 | |
| 4 | 2001437265 | 2001437265 | 209书库/ [索取号:S435/303] | 在馆 | |
| 5 | 2001437266 | 2001437266 | 209书库/ [索取号:S435/303] | 在馆 | |
| 6 | 2001437267 | 2001437267 | 209书库/ [索取号:S435/303] | 在馆 | |
| 7 | 2001437268 | 2001437268 | 209书库/ [索取号:S435/303] | 在馆 | |
| 8 | 2001437269 | 2001437269 | 209书库/ [索取号:S435/303] | 在馆 | |
| 9 | 2001437270 | 2001437270 | 209书库/ [索取号:S435/303] | 在馆 | |
| 10 | 2001437271 | 2001437271 | 209书库/ [索取号:S435/303] | 在馆 | |
| 11 | 2001437272 | 2001437272 | 209书库/ [索取号:S435/303] | 在馆 | |
| 12 | 2001437273 | 2001437273 | 209书库/ [索取号:S435/303] | 在馆 | |
| 13 | 2001437274 | 2001437274 | 209书库/ [索取号:S435/303] | 在馆 | |
| 14 | 2001437275 | 2001437275 | 209书库/ [索取号:S435/303] | 在馆 | |
| 15 | 2001437276 | 2001437276 | 209书库/ [索取号:S435/303] | 在馆 | |
| 16 | 2001437277 | 2001437277 | 209书库/ [索取号:S435/303] | 在馆 | |
| 17 | 2001437278 | 2001437278 | 209书库/ [索取号:S435/303] | 在馆 | |
| 18 | 2001437279 | 2001437279 | 209书库/ [索取号:S435/303] | 在馆 | |
| 19 | 2001437280 | 2001437280 | 209书库/ [索取号:S435/303] | 在馆 | |
| 20 | 2001437281 | 2001437281 | 209书库/ [索取号:S435/303] | 在馆 | |
| 21 | 2001437282 | 2001437282 | 209书库/ [索取号:S435/303] | 在馆 | |
| 22 | 2001437283 | 2001437283 | 209书库/ [索取号:S435/303] | 在馆 | |
| 23 | 2001437284 | 2001437284 | 209书库/ [索取号:S435/303] | 在馆 | |
| 24 | 2001437285 | 2001437285 | 209书库/ [索取号:S435/303] | 在馆 | |
| 25 | 2001437286 | 2001437286 | 209书库/ [索取号:S435/303] | 在馆 | |
| 26 | 2001437287 | 2001437287 | 209书库/ [索取号:S435/303] | 在馆 | |
| 27 | 2001437288 | 2001437288 | 209书库/ [索取号:S435/303] | 在馆 | |
| 28 | 2001437289 | 2001437289 | 209书库/ [索取号:S435/303] | 在馆 | |
| 29 | 2001437290 | 2001437290 | 209书库/ [索取号:S435/303] | 在馆 | |
| 30 | 2001437291 | 2001437291 | 209书库/ [索取号:S435/303] | 在馆 |